| 000 | 00709nam a2200277Ia 4500 | ||
|---|---|---|---|
| 008 | 160803s9999 xx 000 0 und d | ||
| 020 | _a0 440417996 | ||
| 100 | _aChoi, Yangsook | ||
| 245 | 4 | _aThe name jar / | |
| 245 | _cYangsook Choi. | ||
| 260 | _aNew York : | ||
| 260 | _bScholastic Inc. | ||
| 260 | _c2001 | ||
| 300 | _a1 volume (unpaged) : | ||
| 300 | _bcolor illustrations ; | ||
| 300 | _c29 cm | ||
| 650 | _aIdentity (Psychology) -- | ||
| 650 | _aKorean Americans -- | ||
| 650 | _aNames, Personal -- | ||
| 650 | _aSchools -- | ||
| 650 | _xJuvenile fiction. | ||
| 650 | _xJuvenile fiction. | ||
| 650 | _xJuvenile fiction. | ||
| 650 | _xJuvenile fiction. | ||
| 700 | _a290 | ||
| 999 |
_c299898 _d299898 |
||